000
00289nam a22001337a 4500
008
181221b xxu||||| |||| 00| 0 eng d
020
_a
9780321227522
041
_a
eng
080
_2
9 th
_a
510
100
_a
39
101
_a
mat
245
_a
College Algebra
_c
Lial.H
942
_2
udc
_c
BK
999
_c
53585
_d
53585